[Event "FIDE Candidates 2022"]
[Site "Madrid ESP"]
[Date "2022.07.03"]
[Round "13.2"]
[White "Nakamura,Hi"]
[Black "Duda,J"]
[Result "1-0"]
[WhiteElo "2760"]
[BlackElo "2750"]

1.e4 c5 2.Nf3 d6 3.d4 cxd4 4.Nxd4 Nf6 5.Nc3 a6 6.Be3 e5 7.Nf3 Be7 8.h3 h6
9.Bc4 Be6 10.Bb3 Nc6 11.Nh4 Na5 12.Bxe6 fxe6 13.Ng6 Rg8 14.O-O Nc4 15.Bc1 Rc8
16.h4 Rc6 17.Qf3 Kf7 18.h5 Qc7 19.Nd1 Nb6 20.Ne3 Nd7 21.c4 Nf8 22.Nh4 Nh7
23.b3 Ng5 24.Qe2 Ngxe4 25.Bb2 Re8 26.Ng6 Kg8 27.Rad1 a5 28.Ng4 Bd8 29.Nxf6+ Nxf6
30.Rd2 Nd7 31.Rfd1 Bg5 32.Rd3 b5 33.Ba3 d5 34.cxd5 Rc2 35.Bd6 Rxe2 36.Bxc7 Nc5
37.d6 Nd7 38.Bxa5 Rxa2 39.Bb4 Bd8 40.Rc3 Bb6 41.Kh2 Kh7 42.f3 Ra7 43.Rc6 Be3
44.Bd2 Bd4 45.Bc3 Be3 46.Rc7 Rea8 47.Kh3 b4 48.Bxb4 Rb8 49.Bc3 Rxb3 50.Rc8 Rb8
51.Rxb8 Nxb8 52.d7  1-0

[Event "Titled Tue 5th Jul Early"]
[Site "chess.com INT"]
[Date "2022.07.05"]
[Round "2"]
[White "Baches Garcia,G"]
[Black "Nakamura,Hi"]
[Result "0-1"]
[WhiteElo "2326"]
[BlackElo "2760"]

1.e4 g6 2.d4 Bg7 3.Be3 a6 4.Qd2 b5 5.h4 Bb7 6.f3 h5 7.Nc3 d6 8.Nh3 e6 9.a4 Qxh4+
10.Bf2 Qd8 11.axb5 axb5 12.Rxa8 Bxa8 13.Bxb5+ Nd7 14.O-O Ne7 15.Ra1 Bc6 16.Bh4 Bxb5
17.Nxb5 O-O 18.Ra7 f6 19.Rxc7 g5 20.Bg3 d5 21.Qb4 Ng6 22.Qd6 Rf7 23.Qxe6 Nh8
24.exd5 Nf8 25.Qc6 Rxc7 26.Nxc7 h4 27.Bd6 f5 28.Ne6 Qa5 29.Bxf8 g4 30.fxg4 fxg4
31.Nhg5 g3 32.Qc3 Qa1+  0-1

[Event "Chess.com RCC Wk20 Swiss"]
[Site "chess.com INT"]
[Date "2022.07.09"]
[Round "1"]
[White "Nakamura,Hi"]
[Black "Kovalev,Vl"]
[Result "1-0"]
[WhiteElo "2760"]
[BlackElo "2623"]

1.Nf3 Nf6 2.b3 e6 3.Bb2 d5 4.e3 b6 5.g3 Bb7 6.Bg2 Be7 7.O-O O-O 8.c4 dxc4
9.bxc4 c5 10.d3 Nc6 11.Qe2 Qc7 12.Nc3 a6 13.Rac1 Rfd8 14.Rfd1 Na5 15.Rb1 Rab8
16.Na4 b5 17.cxb5 axb5 18.Nc3 b4 19.Na4 Bc6 20.Qc2 Nd7 21.Ba1 Qb7 22.Ne1 Bxg2
23.Nxg2 Rbc8 24.Nb2 Nb6 25.a3 Qf3 26.Na4 Nd5 27.Ne1 Qg4 28.e4 Nf6 29.f3 Qg5
30.f4 Qh5 31.Qg2 bxa3 32.h3 c4 33.g4 Qg6 34.Nf3 h6 35.Ne5 Qh7 36.g5 hxg5
37.fxg5 Nb3 38.Rf1 Nxa1 39.gxf6 Bc5+ 40.Nxc5 Rxc5 41.Nxf7 Kxf7 42.Rb7+ Ke8
43.fxg7  1-0

[Event "Chess.com RCC Wk20 Swiss"]
[Site "chess.com INT"]
[Date "2022.07.09"]
[Round "2"]
[White "Bortnyk,Olexandr"]
[Black "Nakamura,Hi"]
[Result "1-0"]
[WhiteElo "2604"]
[BlackElo "2760"]

1.e4 e5 2.Nf3 Nc6 3.Bc4 Nf6 4.d3 Bc5 5.O-O d6 6.c3 a6 7.b4 Ba7 8.Be3 O-O
9.Nbd2 d5 10.Bxa7 dxc4 11.Bc5 Qxd3 12.Bxf8 Kxf8 13.Re1 b5 14.Re3 Qd6 15.a4 Rb8
16.axb5 axb5 17.h3 Ne7 18.Qc2 Bb7 19.Rd1 Qe6 20.Nf1 Ne8 21.Ng5 Qh6 22.Rg3 Nd6
23.Ne3 g6 24.Rxd6 cxd6 25.Qd2 Kg8 26.Ng4 Qf8 27.Qxd6 Nc6 28.Qf6 Qg7 29.Rf3 Rf8
30.Qd6 h6 31.Nf6+ Kh8 32.Nd7 hxg5 33.Nxf8 f5 34.Nxg6+ Kh7 35.Nf8+ Kg8 36.Rxf5  1-0

[Event "Chess.com RCC Wk20 Swiss"]
[Site "chess.com INT"]
[Date "2022.07.09"]
[Round "4"]
[White "Popilski,G"]
[Black "Nakamura,Hi"]
[Result "0-1"]
[WhiteElo "2458"]
[BlackElo "2760"]

1.d4 f5 2.Nf3 Nf6 3.g3 g6 4.Bg2 Bg7 5.O-O O-O 6.c4 d6 7.Nc3 c6 8.b3 Qa5 9.Rb1 e5
10.b4 Qc7 11.c5 e4 12.cxd6 Qxd6 13.Bf4 Qe7 14.Ne5 Rd8 15.b5 c5 16.Qb3+ Be6
17.Qa3 Nbd7 18.Nxd7 Nxd7 19.Rfd1 Qf6 20.e3 cxd4 21.exd4 Nb6 22.Be5 Qf8 23.Qb2 Nc4
24.Qb3 Bxe5 25.dxe5 Qe7 26.Rxd8+ Rxd8 27.Rd1 Rxd1+ 28.Qxd1 Nxe5 29.Qd4 Qc7
30.h3 b6 31.Kh2 Kf7 32.Qe3 Qc5 33.Qd2 h5 34.Nd1 Qxb5 35.Qh6 Ke7 36.Qg7+ Bf7
37.Nc3 Qc5 38.Ne2 Nf3+ 39.Bxf3 Qxf2+ 40.Bg2 Qxe2 41.Qe5+ Kd7 42.Qd4+ Kc8
43.Qh8+ Kb7 44.Qg7 Qxa2 45.Qf6 Qe6 46.Qd4 Qd5 47.Qf6 b5 48.Qe7+ Kb6 49.Bf1 a6
50.Qf6+ Qe6 51.Qd4+ Kb7 52.Qc5 Qd7 53.Kg1 Qc7  0-1

[Event "Chess.com RCC Wk20 Swiss"]
[Site "chess.com INT"]
[Date "2022.07.09"]
[Round "5"]
[White "Nakamura,Hi"]
[Black "Paravyan,D"]
[Result "1-0"]
[WhiteElo "2760"]
[BlackElo "2620"]

1.Nf3 Nf6 2.b3 g6 3.d4 Bg7 4.Bb2 O-O 5.e3 d5 6.c4 c5 7.dxc5 Na6 8.c6 bxc6
9.Be2 dxc4 10.Qxd8 Rxd8 11.Bxc4 Nb4 12.Na3 Nd3+ 13.Bxd3 Rxd3 14.O-O a5 15.Ne5 Rd2
16.Nac4 Re2 17.Nxc6 Be6 18.Nxe7+ Kh8 19.Bd4 a4 20.Rfe1 Rxe1+ 21.Rxe1 Ne4
22.Nc6 Nc3 23.N4e5 Nxa2 24.bxa4 Rxa4 25.Rb1 Ra8 26.h4 h5 27.Rb7 Kg8 28.Nxg6 Nc1
29.Nf4  1-0

[Event "Chess.com RCC Wk20 Swiss"]
[Site "chess.com INT"]
[Date "2022.07.09"]
[Round "7"]
[White "Nakamura,Hi"]
[Black "Fedoseev,Vl3"]
[Result "1/2-1/2"]
[WhiteElo "2760"]
[BlackElo "2686"]

1.e4 e5 2.Nf3 Nc6 3.Bb5 Nf6 4.O-O Nxe4 5.Re1 Nd6 6.Nxe5 Be7 7.Bf1 Nxe5 8.Rxe5 O-O
9.d4 Ne8 10.c4 Bf6 11.Re1 d5 12.cxd5 Qxd5 13.Be3 Bf5 14.Nc3 Qd7 15.Qb3 Nd6
16.Bf4 Bxd4 17.Rad1 c5 18.Bxd6 Qxd6 19.Nb5 Qd7 20.Nxd4 cxd4 21.Qb4 d3 22.g4 a5
23.Qe7 Bxg4 24.Rxd3 Qxe7 25.Rxe7 b5 26.Rd4 Be6 27.a3 b4 28.h4 bxa3 29.bxa3 Rac8
30.Bg2 Rc5 31.Ra7 g6 32.Ra4 Rd8 33.R7xa5 Rc2 34.Ra8  1/2-1/2

[Event "Chess.com RCC Wk20 Swiss"]
[Site "chess.com INT"]
[Date "2022.07.09"]
[Round "8"]
[White "Bok,B"]
[Black "Nakamura,Hi"]
[Result "1/2-1/2"]
[WhiteElo "2616"]
[BlackElo "2760"]

1.d4 Nf6 2.c4 e6 3.Nc3 Bb4 4.Qc2 O-O 5.a3 Bxc3+ 6.Qxc3 d5 7.Bg5 h6 8.Bxf6 Qxf6
9.Nf3 dxc4 10.Qxc4 Nc6 11.Qc3 Re8 12.Rd1 e5 13.d5 Nb8 14.e3 Bg4 15.Be2 Nd7
16.O-O Qb6 17.Rfe1 Bxf3 18.Bxf3 Nf6 19.Rd2 Re7 20.Red1 Rd8 21.h3 Ne8 22.b4 a6
23.g3 Qf6 24.Bg2 Nd6 25.a4 h5 26.h4 g5 27.hxg5 Qxg5 28.e4 f6 29.Rd3 Qg4 30.Qc1 Rf8
31.Qe3 f5 32.exf5 e4 33.R3d2 Nxf5 34.Qe2 e3 35.Qxg4+ hxg4 36.Re2 Rfe8 37.d6 Nxd6
38.Rd4 Rg7 39.Rxe3 Rxe3 40.fxe3 Kf7 41.Kf2 Ke6 42.Bf1 Ke5 43.Bd3 a5 44.bxa5 Rg8
45.Rf4 c5 46.Be2 Ra8 47.Rxg4 Rxa5 48.Rh4 b6 49.Bd1 Ne4+ 50.Kf3 Nd2+ 51.Ke2 Ne4
52.Kf3 Nf6 53.g4 Ra8 54.g5 Nd5 55.Re4+ Kd6 56.Bb3 Rf8+ 57.Kg4 Rf1 58.Bxd5 Kxd5
59.Rf4 Rg1+ 60.Kf5 c4 61.e4+ Kc5 62.g6 c3 63.Rf2 Kd4 64.e5 Ke3 65.Rh2 Rf1+
66.Ke6 Rg1 67.Kf6 Rf1+ 68.Ke6 Rg1 69.Kf6 Rf1+ 70.Ke6  1/2-1/2

[Event "Chess.com RCC Wk20 KO"]
[Site "chess.com INT"]
[Date "2022.07.10"]
[Round "1.1"]
[White "Bortnyk,Olexandr"]
[Black "Nakamura,Hi"]
[Result "0-1"]
[WhiteElo "2604"]
[BlackElo "2760"]

1.e4 e5 2.Nf3 Nc6 3.Bb5 Nf6 4.d3 Bc5 5.c3 O-O 6.O-O d5 7.Nbd2 dxe4 8.dxe4 a5
9.Qc2 Qe7 10.a4 Nb8 11.Be2 Bg4 12.Nc4 Nbd7 13.h3 Bh5 14.Nh4 Bxe2 15.Qxe2 Qe6
16.Bg5 Rfe8 17.Rfd1 Qc6 18.Re1 Bf8 19.Nf3 Nh5 20.Rad1 h6 21.Bc1 Nhf6 22.b3 b5
23.axb5 Qxb5 24.g4 Nc5 25.g5 hxg5 26.Nxg5 Qxb3 27.Kh2 Na4 28.Bd2 Rad8 29.Nxa5 Qa2
30.Nc6 Nxc3 31.Qe3 Nxd1 32.Rxd1 Rd6 33.Nb4 Qa4 34.Rb1 Rb6 35.Qd3 Qd7 36.Qc4 c5
37.Rd1 cxb4 38.Be3 Rd6 39.Rg1 Rc8 40.Qa2 Rc3 41.Nf3 Rxe3 42.fxe3 Nxe4 43.Rg2 Nc3
44.Qc4 Rh6 45.Nxe5 Bd6 46.Qf4 Qxh3+ 47.Kg1 Qh1+ 48.Kf2 Rf6 49.Qxf6 Ne4+  0-1

[Event "Chess.com RCC Wk20 KO"]
[Site "chess.com INT"]
[Date "2022.07.10"]
[Round "2.2"]
[White "Nakamura,Hi"]
[Black "Fedoseev,Vl3"]
[Result "1-0"]
[WhiteElo "2760"]
[BlackElo "2686"]

1.Nf3 d5 2.b3 c5 3.e3 a6 4.Bb2 Nc6 5.d4 Nf6 6.dxc5 e6 7.c4 Bxc5 8.cxd5 exd5
9.Be2 O-O 10.O-O Re8 11.Na3 Ne4 12.Nc2 Re6 13.Ncd4 Rg6 14.Ne1 Bd6 15.f4 Bc5
16.Bf3 Qb6 17.Nec2 Bd7 18.Bxe4 dxe4 19.Nxc6 Bxc6 20.Bd4 Bb5 21.Rf2 Rd8 22.Qh5 Bxd4
23.Nxd4 Rgd6 24.Rc1 Rd5 25.Qg4 h5 26.Qd1 Bd3 27.h3 Rxd4 28.exd4 Qxd4 29.Qe1 e3
30.Rf3 e2+ 31.Kh2 a5 32.Qd2 Ba6 33.Qxd4 Rxd4 34.Rc8+ Kh7 35.Re8 Rd2 36.a4 h4
37.Rfe3 Rd1 38.f5 Rf1 39.R3e4 Rxf5 40.Rxh4+ Kg6 41.Rhe4 Rf1 42.g4 Rb1 43.Re3 Kg5
44.R8e5+ Kg6 45.Kg3 f6 46.Re7 Rg1+ 47.Kh2 Rf1 48.h4 Kh6 49.Kg3 Rg1+ 50.Kf3 Rf1+
51.Kg2 Kg6 52.R3e6 Rf4 53.Kg3 Rf1 54.g5 Kf5 55.gxf6 gxf6 56.Re3 Rg1+ 57.Kf2 Rf1+
58.Kg2 Rb1 59.h5 Kg5 60.Rg3+ Kh6 61.Rg6+ Kxh5 62.Rg3 Kh6 63.Re8 Kh7 64.Re4 e1=Q
65.Rh4+  1-0

[Event "Chess.com RCC Wk20 KO"]
[Site "chess.com INT"]
[Date "2022.07.10"]
[Round "2.1"]
[White "Fedoseev,Vl3"]
[Black "Nakamura,Hi"]
[Result "1/2-1/2"]
[WhiteElo "2686"]
[BlackElo "2760"]

1.e4 e5 2.Nf3 Nc6 3.Bb5 Nf6 4.d3 Bc5 5.Bxc6 dxc6 6.Nbd2 Be6 7.O-O Bd6 8.Nb3 a5
9.Qe1 a4 10.Na5 Qc8 11.Bd2 O-O 12.Ng5 b6 13.Nxe6 Qxe6 14.Nxc6 Bc5 15.Nb4 a3
16.b3 Qd6 17.Rd1 Rfd8 18.Kh1 Re8 19.f4 exf4 20.Bxf4 Bxb4 21.c3 Bxc3 22.Qxc3 Qe6
23.Qxc7 Rac8 24.Qd6 Qxd6 25.Bxd6 Rc2 26.Bxa3 Ng4 27.Ra1 Nf2+ 28.Kg1 Nxd3
29.Bd6 Rxe4 30.Rad1 Rd4 31.Bg3 h5 32.Rf3 Nf4 33.Rxd4 Ne2+ 34.Kf1 Nxd4 35.Rd3 Ne6
36.a3 Nc5 37.Re3 f5 38.b4 Ne4 39.Be1 Kf7 40.a4 Ra2 41.a5 bxa5  1/2-1/2

[Event "Chess.com RCC Wk20 KO"]
[Site "chess.com INT"]
[Date "2022.07.10"]
[Round "3.2"]
[White "So,W"]
[Black "Nakamura,Hi"]
[Result "0-1"]
[WhiteElo "2773"]
[BlackElo "2760"]

1.e4 e5 2.Nf3 Nc6 3.Bb5 Nf6 4.d3 Bc5 5.c3 O-O 6.O-O d5 7.Nbd2 dxe4 8.dxe4 a5
9.Qc2 Qe7 10.a4 Nb8 11.Be2 Nbd7 12.Nc4 b6 13.h3 Bb7 14.Bd3 Rfd8 15.Re1 h6
16.b3 Qe8 17.Be3 Bxe3 18.Rxe3 Qe6 19.Rae1 Ba6 20.Bf1 Bb7 21.Ncd2 Ne8 22.Nc4 Nd6
23.Rd1 Nc5 24.Nxd6 Rxd6  0-1

[Event "Chess.com RCC Wk20 KO"]
[Site "chess.com INT"]
[Date "2022.07.10"]
[Round "3.1"]
[White "Nakamura,Hi"]
[Black "So,W"]
[Result "1/2-1/2"]
[WhiteElo "2760"]
[BlackElo "2773"]

1.e4 e5 2.Nf3 Nc6 3.Bb5 Nf6 4.O-O Nxe4 5.d4 Nd6 6.dxe5 Nxb5 7.a4 d6 8.e6 fxe6
9.axb5 Ne7 10.c4 Nf5 11.Bg5 Be7 12.Bxe7 Qxe7 13.Nc3 O-O 14.Re1 Qf7 15.b6 cxb6
16.Nb5 Bd7 17.Nxd6 Nxd6 18.Qxd6 Bc6 19.Qxe6 Bxf3 20.gxf3 a6 21.Qxf7+ Kxf7
22.Re3 Rac8 23.Rae1 Rfe8 24.b3 a5 25.Kg2 Rxe3 26.fxe3 b5 27.cxb5 Rc3 28.b6 Rxb3
29.Ra1 Rxe3 30.Rxa5 Rb3 31.Rc5 Rxb6 32.Rc7+ Kf6 33.h4 h5 34.Kg3 Rb4 35.Rd7 b5
36.Rd6+ Ke5 37.Rg6 Rb1 38.Kf2 b4 39.Rxg7 b3 40.Rb7 Kd4 41.f4 Kc3 42.f5 Rd1
43.Rc7+ Kb4 44.Rb7+ Ka3 45.Ra7+ Kb4 46.Rb7+ Kc3 47.Rc7+ Kb2 48.f6 Rd6 49.f7 Rf6+
50.Ke2 Ka1 51.Ra7+ Kb1 52.Kd2 b2 53.Kd1 Rf4 54.Kd2 Rf6 55.Kd1 Rd6+ 56.Ke2 Rd8
57.Re7 Kc2 58.Rc7+ Kb3 59.Rb7+ Kc3 60.Rc7+ Kb3 61.Rb7+ Ka2 62.Ra7+ Kb1 63.Re7 Rf8
64.Kd2 Rd8+ 65.Kc3 Rc8+ 66.Kd2 Rf8 67.Kd1 Rd8+ 68.Ke2  1/2-1/2

[Event "Titled Tue 12th Jul Late"]
[Site "chess.com INT"]
[Date "2022.07.12"]
[Round "1"]
[White "Nakamura,Hi"]
[Black "Jaskolka,T"]
[Result "1-0"]
[WhiteElo "2760"]
[BlackElo "2194"]

1.Nf3 Nf6 2.b3 g6 3.d4 Bg7 4.Bb2 O-O 5.e3 d5 6.c4 c6 7.Bd3 Ne4 8.Qc2 f5 9.Nc3 e6
10.h4 Nd7 11.Ne2 Ndf6 12.Ne5 Qc7 13.f3 Nd6 14.Nf4 a6 15.h5 g5 16.h6 gxf4
17.hxg7 Qxg7 18.exf4 Bd7 19.O-O-O Rac8 20.Rdg1 dxc4 21.bxc4 Qg3 22.Qd2 Be8
23.Rh3 Qg7 24.g4 fxg4 25.Nxg4 Bg6 26.Nh6+ Kh8 27.Bxg6 hxg6 28.Nf5+ Nh5 29.Nxg7 Kxg7
30.Rxh5  1-0

[Event "Titled Tue 12th Jul Early"]
[Site "chess.com INT"]
[Date "2022.07.12"]
[Round "1"]
[White "Jeet,J"]
[Black "Nakamura,Hi"]
[Result "0-1"]
[WhiteElo "2167"]
[BlackElo "2760"]

1.Nf3 g6 2.e3 Bg7 3.d4 d6 4.Be2 Nd7 5.O-O Ngf6 6.c4 O-O 7.Nc3 e5 8.dxe5 dxe5
9.b3 e4 10.Nd2 Re8 11.Bb2 Nc5 12.Rb1 Bf5 13.b4 Nd3 14.Ba1 Qd7 15.Nb3 Rad8
16.Nd4 Bg4 17.f3 exf3 18.gxf3 Rxe3 19.fxg4 Qxd4 20.Nd5 Rg3+ 21.Kh1 Qg1+  0-1

[Event "Titled Tue 12th Jul Early"]
[Site "chess.com INT"]
[Date "2022.07.12"]
[Round "2"]
[White "Nakamura,Hi"]
[Black "Kilic,Eray"]
[Result "1-0"]
[WhiteElo "2760"]
[BlackElo "2422"]

1.Nf3 Nf6 2.b3 g6 3.d4 Bg7 4.Bb2 O-O 5.e3 d6 6.Be2 Nbd7 7.O-O Re8 8.c4 c6
9.b4 Qc7 10.c5 d5 11.b5 Ne4 12.Qc2 e5 13.Nc3 exd4 14.exd4 Nxc3 15.Bxc3 Nxc5
16.dxc5 Bxc3 17.Qxc3 Rxe2 18.Nd4 Re8 19.bxc6 bxc6 20.Rfe1 Bd7 21.h4 Qf4 22.g3 Qf6
23.Rab1 h5 24.Qd2 Rad8 25.f3 Rb8 26.Kf2 Rxb1 27.Rxb1 Re4 28.Rb4 Bg4 29.Qh6 Re8
30.Qf4 Qe7 31.Qd2 Bc8 32.Qc3 Qd7 33.Qc1 Qh3 34.Qf1 Qd7 35.Rb1 Qc7 36.Qc1 Ba6
37.Qd2 Bc4 38.a4 Qe7 39.Re1 Qd7 40.Rxe8+ Qxe8 41.Qf4 Qe7 42.Qd6 Qb7 43.Qf4 Qb2+
44.Ke1 Qb4+ 45.Kf2 Qxc5 46.Qe3 Kh7 47.g4 hxg4 48.fxg4 Qd6 49.Nf3 c5 50.h5 d4
51.hxg6+ Qxg6 52.Qf4 Qc2+ 53.Kg3 Qg6 54.Ne5 Qh6 55.Qf5+ Kg7 56.Nxc4 Qh1 57.Qe5+ Kg8
58.Qxc5 Qg1+ 59.Kf4 Qc1+ 60.Ke4 Qe1+ 61.Kxd4 Qd1+ 62.Ke5 Qe2+ 63.Ne3 Qb2+
64.Kd6 Qb8+ 65.Kd5 Qd8+ 66.Kc4 Qd2 67.Qd4 Qc1+ 68.Kb5 Qb1+ 69.Ka6 Qb8 70.Nf5 Qc8+
71.Kb5 Qb7+ 72.Kc4 Qc6+ 73.Kb4 Qb7+ 74.Kc3 Qf3+ 75.Qe3 Qc6+ 76.Kb2 Qxa4 77.Qg5+ Kf8
78.Qg7+ Ke8 79.Qg8+ Kd7 80.Qxf7+ Kc8 81.Nd6+ Kd8 82.Qe6 Qb4+ 83.Kc2 Qc5+
84.Nc4 Qf2+ 85.Kb3 Qg3+ 86.Ka4 Kc7 87.Qe5+ Qxe5 88.Nxe5 Kd6 89.Nf3 Ke6 90.g5 Kf5
91.Ka5 Kg6 92.Ka6 Kf5 93.Kxa7 Kg6 94.Kb6 Kf7 95.Kc5 Kg7 96.Kd4 Kg6 97.Ke4 Kf7
98.Kf4 Kg8 99.Kg4  1-0

[Event "Titled Tue 12th Jul Late"]
[Site "chess.com INT"]
[Date "2022.07.12"]
[Round "2"]
[White "Hristodoulou,P"]
[Black "Nakamura,Hi"]
[Result "0-1"]
[WhiteElo "2330"]
[BlackElo "2760"]

1.d4 g6 2.Nf3 Bg7 3.c3 Nf6 4.Bg5 d6 5.Nbd2 Nbd7 6.e3 e5 7.Bd3 O-O 8.O-O Re8
9.e4 h6 10.Bh4 g5 11.Bg3 Nh5 12.Re1 Nxg3 13.hxg3 g4 14.Nh4 exd4 15.cxd4 Nb6
16.a4 a5 17.Nc4 Bxd4 18.Nxb6 Bxb6 19.Bc4 Qf6 20.Re2 Bd7 21.Bd5 c6 22.Bb3 Re5
23.Rd2 Bc5 24.Bc2 Rae8 25.Qf1 Rh5 26.Rad1 Rxh4 27.gxh4 g3  0-1

[Event "Titled Tue 12th Jul Late"]
[Site "chess.com INT"]
[Date "2022.07.12"]
[Round "3"]
[White "Nakamura,Hi"]
[Black "Indjic,A"]
[Result "1-0"]
[WhiteElo "2760"]
[BlackElo "2620"]

1.Nf3 d5 2.e3 Nf6 3.c4 e6 4.b3 b6 5.Bb2 Bb7 6.g3 a6 7.Bg2 Bd6 8.O-O Nbd7
9.d4 Qe7 10.Nc3 Ne4 11.Rc1 h5 12.Qc2 f5 13.h4 O-O-O 14.Nxe4 dxe4 15.Ng5 c5
16.b4 Kb8 17.bxc5 bxc5 18.Rb1 Ka8 19.Rfd1 Nf6 20.Bc3 cxd4 21.Bxd4 e5 22.Bb6 Rc8
23.Qa4 Rc6 24.Rb3 Rhc8 25.c5 Bxc5 26.Bxc5 Rxc5 27.Bf1 R5c6 28.Rdb1 R8c7 29.Rxb7 Rxb7
30.Qxc6  1-0

[Event "Titled Tue 12th Jul Early"]
[Site "chess.com INT"]
[Date "2022.07.12"]
[Round "3"]
[White "Grandelius,N"]
[Black "Nakamura,Hi"]
[Result "0-1"]
[WhiteElo "2655"]
[BlackElo "2760"]

1.Nf3 d5 2.g3 g6 3.c4 Bg7 4.cxd5 Qxd5 5.Nc3 Qd8 6.Bg2 c5 7.d3 Nh6 8.O-O Nf5
9.Bd2 Nd7 10.Rc1 Rb8 11.a3 b6 12.Qa4 Bb7 13.Bf4 Ra8 14.b4 O-O 15.Ne4 cxb4
16.axb4 Nf6 17.Rfd1 Nd5 18.Bd2 Qe8 19.Qxe8 Rfxe8 20.Bh3 Rec8 21.e3 Rxc1 22.Rxc1 Rd8
23.Bf1 Nf6 24.Nxf6+ Bxf6 25.Ne1 e5 26.Rc7 Nd6 27.Bg2 Bxg2 28.Kxg2 Nb5 29.Rb7 Rc8
30.Kf3 Kf8 31.Ke2 Ke8 32.g4 Bd8 33.Nf3 Bc7 34.d4 e4 35.Ng5 Kd7 36.d5 Kd6
37.Nxe4+ Kxd5 38.Nc3+ Kc6  0-1

[Event "Titled Tue 12th Jul Early"]
[Site "chess.com INT"]
[Date "2022.07.12"]
[Round "4"]
[White "Nakamura,Hi"]
[Black "Svane,R"]
[Result "1-0"]
[WhiteElo "2760"]
[BlackElo "2649"]

1.Nf3 d5 2.e3 Nf6 3.c4 e6 4.b3 c5 5.Bb2 Nc6 6.cxd5 exd5 7.Bb5 Bd6 8.O-O O-O
9.d4 cxd4 10.Nxd4 Bc7 11.Nd2 Qd6 12.g3 Bb6 13.N2f3 Bg4 14.Be2 Bh3 15.Re1 Ba5
16.Nb5 Qe7 17.Ba3 Bb4 18.Bxb4 Qxb4 19.Nbd4 Rac8 20.Nxc6 bxc6 21.Qd4 Qb6 22.Qxb6 axb6
23.a4 c5 24.a5 bxa5 25.Rxa5 Be6 26.Rc1 Rb8 27.Raxc5 Rxb3 28.Nd4 Rb6 29.Bf3 h6
30.Kg2 Rfb8 31.h3 Rb1 32.Rxb1 Rxb1 33.g4 Rb6 34.Kg3 g5 35.Ra5 Kg7 36.Bd1 Ne4+
37.Kg2 Rb2 38.Bc2 Nd6 39.Ra6 Nc4 40.Kg3 Rb6 41.Ra7 Kf6 42.Ra8 Kg7 43.Bd3 Ne5
44.Bf5 Bxf5 45.Nxf5+ Kh7 46.Rd8 Rb5 47.Rd6 Ng6 48.Rf6 Rb7 49.Nd6 Rd7 50.Rxf7+ Rxf7
51.Nxf7 Kg7 52.Nd6 Kf6 53.Nf5 h5 54.gxh5 Ne5 55.Nd4 Nf7 56.Nf3 Kf5 57.Nh2 Nd6
58.f3 Nc4 59.Ng4 Nd6 60.Kf2 Nc4 61.Ke2 Nb2 62.Kd2 Nc4+ 63.Kd3 Nd6 64.Kd4 Ke6
65.h6 Nf5+ 66.Kc5 Ne7 67.h7 Ng6 68.Kd4 Nh8 69.Ne5 Kd6 70.Ng4 Ke6 71.Nf2 Nf7
72.Nd3 Kd6 73.f4 gxf4 74.Nxf4 Nh8 75.h4 Kc6 76.h5 Kd6 77.Ng6  1-0

[Event "Titled Tue 12th Jul Late"]
[Site "chess.com INT"]
[Date "2022.07.12"]
[Round "4"]
[White "Abdrlauf,Elham"]
[Black "Nakamura,Hi"]
[Result "0-1"]
[WhiteElo "2466"]
[BlackElo "2760"]

1.e4 e5 2.Nc3 Nf6 3.d4 exd4 4.Qxd4 Nc6 5.Qd3 Bc5 6.Bf4 d6 7.O-O-O Be6 8.f3 O-O
9.a3 a6 10.Be3 Qe7 11.f4 Bc4 12.Qxc4 Bxe3+ 13.Kb1 Bc5 14.Nd5 Nxd5 15.exd5 Nd4
16.Nh3 Nf5 17.Qd3 Ne3 18.Rc1 h6 19.Be2 b5 20.Bf3 Qf6 21.Rhe1 Nc4 22.c3 Rfe8
23.Re2 Re3 24.Rxe3 Bxe3 25.Re1 Bxf4 26.Nxf4 Qxf4 27.Re7 Qxh2 28.Qf5 Rf8 29.Ka2 Qh4
30.Rxc7 Qf2 31.Qb1 Re8 32.Rc6 g6 33.Be4 Rxe4 34.Qxe4 Qxb2+  0-1

[Event "Titled Tue 12th Jul Early"]
[Site "chess.com INT"]
[Date "2022.07.12"]
[Round "5"]
[White "Maghsoodloo,Parham"]
[Black "Nakamura,Hi"]
[Result "1/2-1/2"]
[WhiteElo "2701"]
[BlackElo "2760"]

1.e4 e5 2.Nf3 Nc6 3.Bb5 a6 4.Ba4 f5 5.d3 Nf6 6.Bg5 fxe4 7.dxe4 Bc5 8.Nc3 d6
9.O-O O-O 10.Nd5 Kh8 11.c3 Ne7 12.Nxf6 gxf6 13.Be3 b5 14.Bb3 Bxe3 15.fxe3 Bb7
16.Nd2 Qe8 17.Rf3 f5 18.Bc2 f4 19.Qe2 Ng6 20.Raf1 Qe7 21.Kh1 Rf6 22.a4 Bc8
23.R3f2 Bd7 24.axb5 axb5 25.Bd3 Raf8 26.Nf3 c6 27.Qd2 Bg4 28.Ne1 Qg7 29.exf4 Nxf4
30.Qe3 Be6 31.Rf3 Bg4 32.R3f2 h5 33.h3 Be6 34.h4 Rg6 35.Kh2 Rg8 36.Rg1 Rg3
37.Rf3 Rxf3 38.Qxf3 Bg4 39.Qe3 Rf8 40.Rf1 Ne6 41.Rxf8+ Qxf8 42.Kg1 Qf6 43.g3 Qg7
44.b4 d5 45.exd5 cxd5 46.Bxb5 d4 47.cxd4 Nxd4 48.Bd3 Qf6 49.b5 Bd7 50.Qg5 Qxg5
51.hxg5 Bxb5 52.Bxb5 Nxb5 53.Nd3 e4 54.Nf4 Kg7 55.Nxh5+ Kg6 56.Nf6 Nd6 57.Nxe4 Nxe4
58.Kg2 Nxg3 59.Kxg3 Kxg5  1/2-1/2

[Event "Titled Tue 12th Jul Late"]
[Site "chess.com INT"]
[Date "2022.07.12"]
[Round "5"]
[White "Nakamura,Hi"]
[Black "Jobava,Ba"]
[Result "1-0"]
[WhiteElo "2760"]
[BlackElo "2585"]

1.e4 c6 2.Nf3 d5 3.Nc3 Bg4 4.h3 Bxf3 5.Qxf3 e6 6.g3 g6 7.d4 h5 8.Bf4 Nd7
9.O-O-O Bh6 10.Bxh6 Nxh6 11.Re1 Qg5+ 12.Kb1 O-O-O 13.Bd3 Rde8 14.Ne2 Qd8
15.c3 Nf6 16.e5 Nd7 17.Qe3 Nf5 18.Qd2 c5 19.Bxf5 gxf5 20.h4 cxd4 21.cxd4 Nb8
22.Rc1+ Nc6 23.Rc3 Kb8 24.Rhc1 Qa5 25.Qe3 Rc8 26.Nf4 Qa4 27.Ne2 Rc7 28.Ra3 Qb4
29.Rb3 Qa5 30.Rbc3 Rhc8 31.Nf4 Qa4 32.Ne2 Nb4 33.a3 Nc6 34.Qd3 a6 35.Qd1 Qb5
36.Nf4 Qb6 37.Nxh5 Nxd4 38.Rxc7 Rxc7 39.Rxc7 Kxc7 40.Nf4 Nc6 41.Qe2 Qd4 42.h5 Nxe5
43.h6 Nc4 44.Nd3 Kd6 45.h7 Qh8 46.b3 Qxh7 47.bxc4 dxc4 48.Qe5+ Kd7 49.Qd4+ Ke7
50.Qxc4 Qh1+ 51.Kb2 Qf3 52.Qc5+ Kf6 53.Qe5+ Ke7 54.Qc7+ Kf6 55.Qxf7+  1-0

[Event "Titled Tue 12th Jul Late"]
[Site "chess.com INT"]
[Date "2022.07.12"]
[Round "6"]
[White "Maghsoodloo,Parham"]
[Black "Nakamura,Hi"]
[Result "0-1"]
[WhiteElo "2701"]
[BlackElo "2760"]

1.e4 e5 2.Nf3 Nc6 3.Bb5 a6 4.Ba4 f5 5.d4 exd4 6.e5 Bc5 7.O-O Nge7 8.c3 dxc3
9.Nxc3 O-O 10.Re1 Kh8 11.Ng5 Qe8 12.Bb3 Nd4 13.Bc4 Ne6 14.h4 b5 15.Bd5 Nxd5
16.Qxd5 c6 17.Qd1 h6 18.Nh3 Be7 19.h5 f4 20.Qg4 d5 21.exd6 Bxd6 22.Bd2 Qf7
23.Ne4 Be5 24.Qh4 Bxb2 25.Rad1 c5 26.Ba5 Bd4 27.Bb6 Qb7 28.Ba5 Qc6 29.Bc3 Bb7
30.Bxd4 cxd4 31.f3 Rad8 32.Nhf2 Qd7 33.Nd3 Rf5 34.Qg4 Rdf8 35.Nef2 Qd6 36.Nh3 Bd5
37.Rd2 Ng5 38.Ndf2 Bxa2 39.Red1 Be6 40.Rxd4 Qc5 41.Nxg5 hxg5 42.h6 g6 43.Ne4 Qe5
44.Rd6 Bf7 45.Rc1 Bd5 46.Rc5 Qa1+ 47.Kh2 Bxe4 48.fxe4 Rxc5 49.Rxg6 f3 50.Qe6 Qe5+
51.Qxe5+ Rxe5 52.gxf3 Rxf3  0-1

[Event "Titled Tue 12th Jul Early"]
[Site "chess.com INT"]
[Date "2022.07.12"]
[Round "6"]
[White "Jobava,Ba"]
[Black "Nakamura,Hi"]
[Result "0-1"]
[WhiteElo "2585"]
[BlackElo "2760"]

1.e4 e5 2.Nf3 Nc6 3.d4 exd4 4.Nxd4 Nf6 5.Nxc6 bxc6 6.Bd3 Bc5 7.O-O d6 8.h3 h6
9.Nd2 O-O 10.Nf3 Re8 11.Re1 Nd7 12.Be3 Bb6 13.Qd2 Qf6 14.c3 Rb8 15.Bd4 Qd8
16.Bc4 Qe7 17.Rad1 Bb7 18.Qf4 c5 19.Be3 Qf6 20.Bd5 Bxd5 21.exd5 Qxf4 22.Bxf4 c4
23.Rxe8+ Rxe8 24.Kf1 Nc5 25.Be3 Na4 26.Bc1 Bc5 27.Nd2 Nb6 28.f3 f5 29.g4 g6
30.gxf5 gxf5 31.b4 cxb3 32.Nxb3 Be3 33.Rd3 Bxc1 34.Nxc1 Re5 35.Ne2 Rxd5 36.Rxd5 Nxd5
37.Kf2 Kf7 38.h4 c5 39.Ke1 Kg6 40.Kd2 Kf6 41.Kd3 Ke5 42.Kc4 a6 43.a4 Nb6+
44.Kb3 a5 45.c4 d5 46.cxd5 Kxd5 47.Nf4+ Ke5 48.Ng6+ Kd4 49.Ne7 f4 50.Nc6+ Kd3
51.Nxa5 c4+ 52.Kb4 c3 53.Nb3 c2 54.a5 Nc8 55.Kc5 Ke3 56.a6 Kxf3 57.Nd4+ Ke4
58.Nxc2 f3 59.Nd4 f2 60.Ne2 Kf3 61.Nd4+ Kf4  0-1

[Event "Titled Tue 12th Jul Early"]
[Site "chess.com INT"]
[Date "2022.07.12"]
[Round "7"]
[White "Nakamura,Hi"]
[Black "Andreikin,D"]
[Result "1/2-1/2"]
[WhiteElo "2760"]
[BlackElo "2729"]

1.Nf3 d5 2.e3 Nf6 3.c4 c6 4.d4 a6 5.Bd3 Bg4 6.Nbd2 e6 7.Qc2 Nbd7 8.b3 Bd6
9.Bb2 O-O 10.O-O Bh5 11.Ne5 Rc8 12.c5 Bb8 13.f4 Bg6 14.h3 Bxd3 15.Qxd3 Nxe5
16.dxe5 Nd7 17.b4 f6 18.Nf3 fxe5 19.fxe5 Qe7 20.e4 Rf4 21.Rae1 Rcf8 22.a3 h6
23.g3 dxe4 24.Rxe4 R4f5 25.Kg2 R8f7 26.g4 Rf4 27.Rxf4 Rxf4 28.Rd1 Rf7 29.Qe4 Nf8
30.Bc1 Qe8 31.h4 Rd7 32.Rd3 Rd5 33.h5 Qd7 34.Rd4 Qf7 35.Bf4 Bc7 36.Rd2 Qd7
37.Rf2 Rd1 38.g5 hxg5 39.Bxg5 Qd5 40.Qf4 Nd7 41.h6 Nxe5 42.Be7 gxh6 43.Qf8+ Kh7
44.Bf6 Rg1+ 45.Kxg1 Nxf3+ 46.Rxf3 Qd1+ 47.Kf2 Qd2+ 48.Kf1 Qd1+ 49.Kf2 Qd2+
50.Kf1 Qd1+ 51.Kf2  1/2-1/2

[Event "Titled Tue 12th Jul Late"]
[Site "chess.com INT"]
[Date "2022.07.12"]
[Round "7"]
[White "Nakamura,Hi"]
[Black "Andreikin,D"]
[Result "1/2-1/2"]
[WhiteElo "2760"]
[BlackElo "2729"]

1.Nf3 Nf6 2.d4 d5 3.c4 e6 4.Nc3 a6 5.cxd5 exd5 6.Bf4 Bd6 7.e3 Bxf4 8.exf4 Bg4
9.Be2 Bxf3 10.Bxf3 Qe7+ 11.Qe2 c6 12.Kd2 Qxe2+ 13.Bxe2 Nbd7 14.Bd3 Nb6 15.Rae1+ Kd7
16.f3 Rae8 17.Re5 Kd8 18.Nd1 Nfd7 19.Rxe8+ Rxe8 20.Ne3 Nf8 21.g3 Nc8 22.Nf5 Ne6
23.Kc3 g6 24.Nh6 Nd6 25.Ng4 Nc7 26.a4 a5 27.h4 Nf5 28.Rg1 Re6 29.h5 Ke7 30.Ne5 Rf6
31.Ng4 Re6 32.Ne5 Rf6 33.Bxf5 Rxf5 34.hxg6 hxg6 35.b4 axb4+ 36.Kxb4 Ne6 37.Kc3 Rh5
38.a5 Rh3 39.Kd3 Nd8 40.Ke3 Rh2 41.Ra1 Rb2 42.a6 Rb3+ 43.Ke2 bxa6 44.Rxa6 Rb4
45.Kd3 Rb3+ 46.Kc2 Re3 47.Ra7+ Ke6 48.Kd2 Rb3 49.Nd3 Kf6 50.Ra6 Ke7 51.Ra7+ Kf6
52.Rd7 Ne6 53.Ne5 Nxd4 54.Rxf7+ Ke6 55.Rg7 Nxf3+ 56.Nxf3 Rxf3 57.Rxg6+ Kf5
58.Rxc6 Rxg3 59.Rh6 Kxf4 60.Rh4+ Ke5 61.Ra4 d4 62.Ra8 Ke4 63.Re8+ Kd5 64.Rd8+ Kc4
65.Rc8+ Kd5 66.Rd8+ Kc4 67.Rc8+ Kd5 68.Rd8+  1/2-1/2